[Event "26th 4NCL Congress"]
[Site "Woodland Grange, Leamington Spa"]
[Date "2021.09.10"]
[Round "1"]
[Board "22"]
[White "Ivan, Austin"]
[Black "Finn, Peter"]
[Result "0-1"]
[WhiteElo "1758"]
[BlackElo "2111"]
[PlyCount "108"]
[EventDate "2021.09.10"]
[EventRounds "5"]
[EventCountry "ENG"]

1. d4 Nf6 2. Bf4 d5 3. e3 c5 4. Nc3 a6 5. dxc5 Nc6 6. a3 h6 7. Nf3 Bg4 8. Be2
Bxf3 9. Bxf3 e5 10. Bg3 e4 11. Be2 Bxc5 12. Qd2 Qd7 13. O-O-O Rd8 14. f3 Qe7
15. Bf2 O-O 16. Nb1 Rfe8 17. f4 d4 18. exd4 e3 19. Bxe3 Qxe3 20. Qxe3 Rxe3 21.
dxc5 Rxe2 22. Rxd8+ Nxd8 23. g3 Ng4 24. Nc3 Rxh2 25. Re1 Ne6 26. Ne4 Nf2 27.
Nd6 Rh1 28. Rxh1 Nxh1 29. Nxb7 Nxg3 30. c6 h5 31. Nc5 Nc7 32. Nd3 h4 33. Nf2
Ne2+ 34. Kd2 Nxf4 35. Ke3 g5 36. c4 Ng6 37. Ke4 f6 38. Kd4 Ne5 39. Kc5 g4 40.
b4 h3 41. Nh1 f5 42. b5 axb5 43. cxb5 Nxb5 44. Kxb5 Nxc6 45. Kxc6 f4 46. a4 g3
47. Nxg3 fxg3 48. a5 h2 49. Kb6 h1=Q 50. Ka7 g2 51. Kb6 g1=Q+ 52. Kb5 Qd5+ 53.
Kb4 Qb1+ 54. Kc3 Qbb3#  0-1

[Event "26th 4NCL Congress"]
[Site "Woodland Grange, Leamington Spa"]
[Date "2021.09.10"]
[Round "1"]
[Board "23"]
[White "Brixel, Christof"]
[Black "Southcott-Moyers, Indy"]
[Result "1/2-1/2"]
[WhiteElo "2088"]
[BlackElo "1668"]
[PlyCount "81"]
[EventDate "2021.09.10"]
[EventRounds "5"]
[EventCountry "ENG"]

1. Nf3 d5 2. b4 Nf6 3. Bb2 e6 4. b5 Be7 5. e3 O-O 6. Be2 a6 7. a4 axb5 8. axb5
Rxa1 9. Bxa1 c5 10. c4 b6 11. O-O Bb7 12. d3 Nbd7 13. Qb3 Qc7 14. Nc3 Rd8 15.
Bb2 Bd6 16. h3 h6 17. Nd2 d4 18. Nce4 Nxe4 19. Nxe4 Bxe4 20. dxe4 dxe3 21. Qxe3
Bf4 22. Qb3 Be5 23. Rd1 Bxb2 24. Qxb2 Nf8 25. g3 Rxd1+ 26. Bxd1 Qd6 27. Qc2 e5
28. Bg4 Nh7 29. Qa4 Nf6 30. Qa8+ Kh7 31. Qc8 h5 32. Qc6 Qd8 33. Bf3 g6 34. Bg2
Kg7 35. f4 Qd4+ 36. Kh2 exf4 37. gxf4 Qe3 38. Qxb6 Qxf4+ 39. Kh1 Qc1+ 40. Kh2
Qf4+ 41. Kh1  1/2-1/2

[Event "26th 4NCL Congress"]
[Site "Woodland Grange, Leamington Spa"]
[Date "2021.09.11"]
[Round "2"]
[Board "1"]
[White "Kett, Timothy J"]
[Black "Hebden, Mark L"]
[Result "0-1"]
[WhiteElo "2264"]
[BlackElo "2544"]
[PlyCount "64"]
[EventDate "2021.09.10"]
[EventRounds "5"]
[EventCountry "ENG"]

1. d4 {429} Nf6 {58} 2. Nc3 {8} d5 {19} 3. Bf4 {143} g6 {110} 4. e3 {65} Bg7 {
40} 5. Nf3 {245} O-O {27} 6. Be2 {25} c5 {28} 7. Ne5 {21} Nc6 {198} 8. O-O {322
} Nd7 {170} 9. Nxd7 {266} Bxd7 {211} 10. Nxd5 {576} cxd4 {77} 11. exd4 {153}
Nxd4 {242} 12. Bc7 {192} Qe8 {56} 13. c3 {35} Ba4 {437} 14. b3 {1296} Bc6 {78}
15. cxd4 {506} Bxd5 {7} 16. Be5 {24} Bh6 {59} 17. Bf3 {290} Rd8 {155} 18. Bxd5
{22} Rxd5 {6} 19. Qf3 {10} Qd7 {14} 20. Rad1 {290} Rd8 {138} 21. Rfe1 {362} b6
{398} 22. h4 {29} Qf5 {78} 23. Qg3 {39} f6 {499} 24. Bc7 {321} R8d7 {96} 25.
Rd3 {42} e5 {100} 26. Bb8 {160} Rb7 {283} 27. Bxe5 {210} fxe5 {108} 28. Rxe5 {7
} Rxe5 {114} 29. dxe5 {7} Re7 {75} 30. Rd8+ {75} Kg7 {162} 31. Qc3 {70} Qxe5 {
282} 32. Qc4 {8} Rf7 {104}  0-1

[Event "26th 4NCL Congress"]
[Site "Woodland Grange, Leamington Spa"]
[Date "2021.09.11"]
[Round "2"]
[Board "2"]
[White "Clarke, Brandon Gi"]
[Black "Modi, Shyam Jagdish"]
[Result "1-0"]
[WhiteElo "2520"]
[BlackElo "2249"]
[PlyCount "115"]
[EventDate "2021.09.10"]
[EventRounds "5"]
[EventCountry "ENG"]

1. e4 {4} c5 {13} 2. Nf3 {4} e6 {16} 3. d4 {2} cxd4 {13} 4. Nxd4 {3} Nc6 {20}
5. Nc3 {3} Qc7 {25} 6. Be3 {4} a6 {41} 7. Qf3 {42} Nf6 {46} 8. O-O-O {22} Ne5 {
20} 9. Qg3 {11} b5 {43} 10. a3 {64} Bb7 {141} 11. Bxb5 {24} Rc8 {35} 12. Ba4 {
11} Nxe4 {109} 13. Nxe4 {5} Bxe4 {22} 14. Bf4 {3} Qa5 {151} 15. Bxe5 {31} Qxa4
{8} 16. Rd2 {9} h5 {183} 17. h4 {541} Bg6 {1432} 18. Bd6 {190} Qc4 {226} 19.
Kb1 {868} Bxd6 {167} 20. Qxd6 {6} Qc5 {164} 21. Qxc5 {57} Rxc5 {2} 22. b4 {35}
Rc4 {797} 23. Re1 {302} Ke7 {269} 24. Kb2 {156} Rhc8 {152} 25. Re3 {110} d6 {
630} 26. c3 {153} R8c7 {270} 27. f4 {77} Kf6 {197} 28. g3 {53} Rc8 {147} 29.
Kb3 {381} d5 {206} 30. Kb2 {162} Be4 {72} 31. Nb3 {241} Kf5 {148} 32. Na5 {927}
R4c7 {23} 33. Rd4 {38} f6 {97} 34. c4 {101} Bg2 {473} 35. c5 {136} e5 {7} 36.
fxe5 {11} fxe5 {18} 37. Rd2 {8} d4 {107} 38. Re1 {285} Bd5 {21} 39. Nb3 {84}
Bxb3 {60} 40. Kxb3 {1} Rd8 {37} 41. Kc4 {29} Rcd7 {22} 42. Kd3 {113} Ke6 {26}
43. Rde2 {109} Rd5 {8} 44. Rf2 {27} R5d7 {31} 45. Re4 {127} g6 {37} 46. Rf1 {
186} Rd5 {18} 47. g4 {33} hxg4 {65} 48. Rxg4 {1} R5d7 {40} 49. Rxg6+ {113} Kd5
{13} 50. Rg5 {60} a5 {31} 51. Re1 {71} Re8 {47} 52. Re4 {2} Kc6 {32} 53. Rgxe5
{70} Rg8 {29} 54. Rxd4 {220} Rf7 {10} 55. Kc4 {33} axb4 {46} 56. axb4 {2} Rg1 {
19} 57. Re6+ {42} Kb7 {7} 58. Kb5 {25}  1-0

[Event "26th 4NCL Congress"]
[Site "Woodland Grange, Leamington Spa"]
[Date "2021.09.11"]
[Round "2"]
[Board "3"]
[White "Lalic, Peter D"]
[Black "Wells, Peter K"]
[Result "1/2-1/2"]
[WhiteElo "2253"]
[BlackElo "2428"]
[PlyCount "41"]
[EventDate "2021.09.10"]
[EventRounds "5"]
[EventCountry "ENG"]

1. Nc3 {47} c5 {239} 2. Nf3 {11} Nc6 {182} 3. d3 {291} g6 {59} 4. g3 {145} Bg7
{104} 5. Bg2 {6} e6 {300} 6. O-O {268} Nge7 {7} 7. e4 {564} d6 {423} 8. Bd2 {
431} O-O {481} 9. Qc1 {6} e5 {208} 10. Bh6 {1340} f5 {97} 11. Bxg7 {26} Kxg7 {7
} 12. exf5 {47} Nxf5 {496} 13. Ne2 {499} h6 {195} 14. c3 {196} Be6 {233} 15.
Qd2 {159} g5 {356} 16. Ne1 {16} d5 {299} 17. Nc2 {54} Rc8 {287} 18. d4 {521}
cxd4 {36} 19. cxd4 {21} e4 {170} 20. f3 {364} exf3 {764} 21. Rxf3 {331}  1/2-1/2

[Event "26th 4NCL Congress"]
[Site "Woodland Grange, Leamington Spa"]
[Date "2021.09.11"]
[Round "2"]
[Board "4"]
[White "Bradbury, Neil H"]
[Black "Okhai, Shabir"]
[Result "1/2-1/2"]
[WhiteElo "2339"]
[BlackElo "2215"]
[PlyCount "64"]
[EventDate "2021.09.10"]
[EventRounds "5"]
[EventCountry "ENG"]

1. d4 {5} Nf6 {5} 2. c4 {5} g6 {3} 3. Nf3 {111} Bg7 {131} 4. g3 {32} c6 {15} 5.
Bg2 {16} d5 {6} 6. O-O {390} O-O {11} 7. Nbd2 {461} a5 {173} 8. b3 {302} a4 {
102} 9. Ba3 {156} Ne4 {497} 10. e3 {280} Bf5 {418} 11. Nxe4 {376} Bxe4 {61} 12.
Ne1 {291} Bxg2 {129} 13. Nxg2 {64} Re8 {175} 14. Nf4 {595} e5 {203} 15. Ne2 {
578} exd4 {234} 16. Nxd4 {215} axb3 {333} 17. axb3 {145} dxc4 {136} 18. bxc4 {
89} Nd7 {107} 19. Bb2 {201} Ne5 {632} 20. Qe2 {83} Qb6 {272} 21. Rfc1 {392} Qb4
{525} 22. Kg2 {528} Rxa1 {338} 23. Bxa1 {18} Ra8 {49} 24. f4 {249} Nd7 {946}
25. Bc3 {99} Qe7 {80} 26. e4 {61} Nc5 {197} 27. e5 {25} Ne6 {62} 28. Nf3 {83}
Qc5 {114} 29. Rc2 {171} Ra4 {79} 30. Be1 {21} Bh6 {108} 31. Bf2 {34} Qa5 {58}
32. Be3 {22} Ra3 {47}  1/2-1/2

[Event "26th 4NCL Congress"]
[Site "Woodland Grange, Leamington Spa"]
[Date "2021.09.11"]
[Round "2"]
[Board "5"]
[White "Finn, Peter"]
[Black "Tiruchirapalli, Venkataramanan"]
[Result "0-1"]
[WhiteElo "2111"]
[BlackElo "2328"]
[PlyCount "126"]
[EventDate "2021.09.10"]
[EventRounds "5"]
[EventCountry "ENG"]

1. d4 {8} d5 {15} 2. Nf3 {6} Nf6 {9} 3. g3 {6} g6 {14} 4. Bg2 {10} Bg7 {6} 5.
O-O {12} O-O {8} 6. c4 {57} dxc4 {53} 7. Na3 {62} c3 {100} 8. bxc3 {5} c5 {53}
9. Re1 {167} Nc6 {131} 10. Rb1 {601} Nd5 {1281} 11. Bb2 {365} Nb6 {453} 12. e4
{1864} Bg4 {157} 13. Nc2 {166} Qc7 {476} 14. h3 {409} Bd7 {76} 15. Ne3 {134}
Na5 {150} 16. Ba3 {657} cxd4 {369} 17. cxd4 {17} Rfc8 {97} 18. Qe2 {303} e6 {
249} 19. Rec1 {380} Qd8 {21} 20. Ne5 {79} Be8 {58} 21. Rd1 {51} Na4 {116} 22.
Bb4 {127} Nc3 {52} 23. Bxc3 {5} Rxc3 {13} 24. f4 {94} Rac8 {135} 25. Kh2 {222}
Qd6 {128} 26. Rd3 {105} Qa3 {77} 27. Rbd1 {53} a6 {78} 28. Qd2 {130} Rxd3 {103}
29. Qxd3 {4} Rc3 {22} 30. Qb1 {98} Rxe3 {71} 31. Qb6 {27} Bxe5 {250} 32. fxe5 {
33} Nc6 {323} 33. d5 {70} Nxe5 {56} 34. dxe6 {88} Re2 {196} 35. exf7+ {58} Nxf7
{57} 36. Qxb7 {31} Qxa2 {72} 37. e5 {5} Qe6 {64} 38. Rc1 {51} Qxe5 {122} 39.
Rc8 {33} Re3 {111} 40. Bf3 {4} Nd6 {114} 41. Qd5+ {63} Qxd5 {16} 42. Bxd5+ {3}
Kf8 {9} 43. Ra8 {17} Re5 {48} 44. Bc6 {30} a5 {14} 45. Kg2 {7} Rc5 {124} 46.
Ba4 {45} Ke7 {47} 47. Ra7+ {8} Kf6 {41} 48. Bxe8 {8} Nxe8 {7} 49. Rxh7 {8} Nc7
{30} 50. Rh4 {12} Nd5 {15} 51. Rh8 {40} a4 {74} 52. Ra8 {4} Nc3 {58} 53. Kf3 {
11} Re5 {59} 54. h4 {162} Re6 {196} 55. Kf4 {41} Nd5+ {21} 56. Kf3 {6} Re3+ {28
} 57. Kf2 {46} a3 {44} 58. g4 {43} Rb3 {52} 59. Ra6+ {44} Ke5 {16} 60. h5 {47}
gxh5 {61} 61. gxh5 {4} Nb4 {33} 62. Ra7 {26} a2 {35} 63. h6 {45} Rh3 {14}  0-1

[Event "26th 4NCL Congress"]
[Site "Woodland Grange, Leamington Spa"]
[Date "2021.09.11"]
[Round "2"]
[Board "6"]
[White "Bezuidenhout, Roland"]
[Black "Yoon, Jacob D"]
[Result "1/2-1/2"]
[WhiteElo "2315"]
[BlackElo "2199"]
[PlyCount "180"]
[EventDate "2021.09.10"]
[EventRounds "5"]
[EventCountry "ENG"]

1. e4 {49} e6 {47} 2. d4 {33} d5 {5} 3. Nc3 {11} Nf6 {4} 4. Bg5 {27} Bb4 {5} 5.
exd5 {10} exd5 {53} 6. Bd3 {15} c5 {694} 7. dxc5 {63} Bxc5 {150} 8. Nf3 {128}
O-O {859} 9. O-O {41} Be6 {31} 10. Ne2 {77} Nc6 {232} 11. c3 {42} Bd6 {161} 12.
h3 {74} h6 {188} 13. Bh4 {37} Rc8 {236} 14. Ned4 {41} Nxd4 {470} 15. Nxd4 {24}
g5 {71} 16. Bg3 {28} Ne4 {481} 17. Bxe4 {54} Bxg3 {9} 18. fxg3 {110} dxe4 {9}
19. Nxe6 {42} fxe6 {7} 20. Rxf8+ {306} Kxf8 {302} 21. Qe2 {27} Qd3 {394} 22.
Re1 {244} Qxe2 {385} 23. Rxe2 {8} Rd8 {147} 24. Kf2 {518} Ke7 {5} 25. g4 {99}
Kf6 {79} 26. Rxe4 {9} Rd2+ {57} 27. Re2 {8} Rxe2+ {505} 28. Kxe2 {8} Ke5 {2}
29. Ke3 {25} Kd5 {6} 30. g3 {1258} a5 {126} 31. h4 {39} b5 {23} 32. Kd3 {18} a4
{104} 33. b3 {198} a3 {24} 34. Ke3 {42} Ke5 {344} 35. c4 {953} bxc4 {22} 36.
bxc4 {4} Kd6 {5} 37. Kd4 {15} e5+ {45} 38. Ke4 {58} Kc5 {4} 39. Kxe5 {215} Kxc4
{5} 40. hxg5 {234} hxg5 {4} 41. Kf5 {28} Kc3 {3} 42. Kxg5 {38} Kb2 {4} 43. Kh6
{28} Kxa2 {9} 44. g5 {3} Kb2 {91} 45. g6 {15} a2 {2} 46. g7 {5} a1=Q {5} 47.
g8=Q {8} Qh1+ {18} 48. Kg7 {33} Qh3 {61} 49. Qb8+ {29} Kc3 {9} 50. Qe5+ {101}
Kd3 {75} 51. Qd5+ {55} Ke3 {23} 52. Qg5+ {17} Kd3 {149} 53. g4 {20} Kd4 {104}
54. Qf5 {89} Ke3 {86} 55. Kg6 {81} Qh8 {55} 56. Qf7 {38} Qd8 {70} 57. g5 {26}
Qd6+ {15} 58. Kg7 {36} Qd4+ {8} 59. Kh6 {62} Qh4+ {17} 60. Qh5 {34} Qd4 {60}
61. Qh3+ {24} Kf2 {9} 62. Qf5+ {39} Kg3 {8} 63. Qf6 {43} Qh4+ {28} 64. Kg7 {14}
Qe4 {75} 65. g6 {67} Kg4 {25} 66. Kf7 {53} Qb7+ {18} 67. Qe7 {9} Qf3+ {2} 68.
Kg8 {150} Qa8+ {26} 69. Kg7 {104} Qa1+ {9} 70. Qf6 {16} Qa7+ {11} 71. Kh6 {49}
Qe3+ {49} 72. Kh7 {11} Qh3+ {3} 73. Kg8 {13} Qb3+ {8} 74. Qf7 {30} Qb8+ {9} 75.
Qf8 {100} Qb3+ {5} 76. Kh7 {10} Qb7+ {128} 77. Qg7 {92} Qh1+ {7} 78. Qh6 {10}
Qe4 {50} 79. Qh2 {52} Kg5 {78} 80. Qd2+ {15} Kh5 {56} 81. Qd1+ {36} Kg5 {20}
82. Qd2+ {53} Kh5 {9} 83. Qa5+ {10} Kg4 {5} 84. Qc5 {45} Qh1+ {57} 85. Kg8 {54}
Qa8+ {9} 86. Kf7 {40} Qb7+ {28} 87. Qe7 {11} Qf3+ {16} 88. Kg8 {49} Qa8+ {60}
89. Qf8 {6} Qd5+ {15} 90. Kh7 {18} Qh1+ {11}  1/2-1/2

[Event "26th 4NCL Congress"]
[Site "Woodland Grange, Leamington Spa"]
[Date "2021.09.11"]
[Round "2"]
[Board "7"]
[White "Prince, Alan R"]
[Black "Makkar, Rajat"]
[Result "0-1"]
[WhiteElo "1765"]
[BlackElo "2300"]
[PlyCount "89"]
[EventDate "2021.09.10"]
[EventRounds "5"]
[EventCountry "ENG"]

1. Nf3 {3299} d5 {30} 2. g3 {8} Nf6 {9} 3. Bg2 {6} c6 {14} 4. O-O {21} Bg4 {7}
5. h3 {18} Bh5 {5} 6. d3 {40} Nbd7 {40} 7. Nbd2 {87} e5 {7} 8. e4 {59} dxe4 {40
} 9. Nxe4 {195} Nxe4 {36} 10. dxe4 {4} Be7 {28} 11. c3 {424} O-O {176} 12. Qc2
{131} Qc7 {106} 13. Be3 {98} a5 {596} 14. a4 {274} Rfd8 {416} 15. Rfd1 {244} f6
{504} 16. b4 {761} Bf7 {243} 17. Rdb1 {121} c5 {240} 18. bxc5 {274} Bxc5 {578}
19. Bxc5 {500} Nxc5 {6} 20. Bf1 {140} Rd7 {369} 21. Nd2 {372} Rad8 {280} 22.
Nc4 {42} Kh8 {349} 23. Qe2 {691} Nd3 {553} 24. Nb6 {52} Rd6 {91} 25. Nd5 {189}
Bxd5 {20} 26. exd5 {31} Rxd5 {32} 27. Bg2 {23} R5d7 {74} 28. Rxb7 {175} Qxc3 {9
} 29. Rab1 {218} Nb4 {322} 30. Rxd7 {209} Rxd7 {1} 31. Qb5 {163} Qc7 {211} 32.
Kh2 {209} Rd8 {186} 33. Rd1 {105} g6 {45} 34. Rxd8+ {137} Qxd8 {2} 35. Be4 {15}
Qc7 {262} 36. Kg2 {118} Kg7 {86} 37. h4 {34} f5 {103} 38. Bd5 {81} e4 {307} 39.
Bc4 {95} Nd3 {136} 40. Qd5 {50} Qc5 {46} 41. Qg8+ {141} Kh6 {2} 42. Qd5 {105}
Kg7 {1} 43. Qd7+ {5} Kh6 {1} 44. Bg8 Qxf2+ {4} 45. Kh1 {1}  0-1

[Event "26th 4NCL Congress"]
[Site "Woodland Grange, Leamington Spa"]
[Date "2021.09.11"]
[Round "2"]
[Board "8"]
[White "Villiers, Thomas"]
[Black "Cannon, Richard J"]
[Result "1/2-1/2"]
[WhiteElo "2299"]
[BlackElo "2058"]
[PlyCount "85"]
[EventDate "2021.09.10"]
[EventRounds "5"]
[EventCountry "ENG"]

1. Nf3 {3} c5 {18} 2. c4 {11} Nf6 {13} 3. Nc3 {7} d5 {54} 4. cxd5 {15} Nxd5 {5}
5. g3 {13} Nc6 {22} 6. Bg2 {8} Nb6 {23} 7. d3 {127} e6 {773} 8. O-O {122} Be7 {
31} 9. Nd2 {67} Nd5 {418} 10. Nb3 {237} O-O {188} 11. d4 {397} c4 {538} 12. Nc5
{40} Nxc3 {148} 13. bxc3 {14} Bxc5 {274} 14. dxc5 {36} Qa5 {157} 15. Bxc6 {126}
bxc6 {8} 16. Qd4 {5} Rd8 {172} 17. Qxc4 {34} Ba6 {10} 18. Qb4 {34} Qxb4 {31}
19. cxb4 {7} Bxe2 {7} 20. Re1 {11} Bf3 {33} 21. Bf4 {9} Rd4 {312} 22. Rab1 {12}
h6 {126} 23. a4 {742} a6 {136} 24. Rec1 {38} Be2 {611} 25. Kg2 {513} f6 {193}
26. Be3 {414} Rd5 {107} 27. Rb2 {207} Bd3 {35} 28. f3 {25} e5 {40} 29. Kf2 {87}
Kf7 {35} 30. Rc3 {144} Ke6 {306} 31. Bc1 {226} f5 {139} 32. h4 {210} h5 {161}
33. Bg5 {552} Ra7 {24} 34. Rc1 {154} Rad7 {57} 35. Rd2 {117} Rd4 {22} 36. Ke3 {
322} Bc4 {242} 37. Rcd1 {554} Rxd2 {197} 38. Rxd2 {6} Rxd2 {55} 39. Kxd2 {2}
Bb3 {83} 40. Be3 {281} Bxa4 {13} 41. f4 {40} e4 {23} 42. Kc3 {8} Kd5 {14} 43.
Bd4 {16}  1/2-1/2

[Event "26th 4NCL Congress"]
[Site "Woodland Grange, Leamington Spa"]
[Date "2021.09.11"]
[Round "2"]
[Board "9"]
[White "Gordon, Frederick"]
[Black "Sowray, Peter J"]
[Result "1/2-1/2"]
[WhiteElo "1456"]
[BlackElo "2298"]
[PlyCount "79"]
[EventDate "2021.09.10"]
[EventRounds "5"]
[EventCountry "ENG"]

1. e4 e6 {8} 2. Nf3 {6} d5 {22} 3. Nc3 {8} Nf6 {28} 4. e5 {4} Nfd7 {7} 5. d4 {4
} c5 {41} 6. dxc5 {25} Nc6 {17} 7. Bf4 {8} Nxc5 {87} 8. a3 {12} Be7 {80} 9. Be2
{50} O-O {48} 10. O-O {30} f5 {42} 11. exf6 {26} Bxf6 {10} 12. Bg3 {107} a6 {
134} 13. Rb1 {39} b5 {639} 14. Re1 {255} Qb6 {420} 15. Bd3 {160} Bd7 {138} 16.
Qd2 {219} Rf7 {354} 17. Rbd1 {195} Rd8 {211} 18. Ng5 {219} Bxg5 {35} 19. Qxg5 {
10} Nxd3 {57} 20. Rxd3 {187} Rdf8 {83} 21. Rd2 {117} a5 {149} 22. Qh4 {280} b4
{209} 23. axb4 {93} axb4 {8} 24. Ne2 {29} Ne7 {323} 25. Qd4 {110} Qb7 {408} 26.
Nf4 {346} Rf6 {309} 27. Rde2 {106} Nf5 {326} 28. Qd2 {121} Qb6 {12} 29. Nd3 {
304} b3 {194} 30. Be5 {194} R6f7 {16} 31. c4 {165} dxc4 {171} 32. Nf4 {29} Bc8
{244} 33. Qc3 {193} Bb7 {207} 34. Qh3 {73} Bd5 {184} 35. Bc3 {78} Ne7 {450} 36.
Nxe6 {175} Rxf2 {134} 37. Bd4 {18} Rxe2 {29} 38. Rxe2 {14} Bxe6 {36} 39. Bxb6 {
10} Bxh3 {6} 40. Rxe7 {323}  1/2-1/2

[Event "26th 4NCL Congress"]
[Site "Woodland Grange, Leamington Spa"]
[Date "2021.09.11"]
[Round "2"]
[Board "10"]
[White "French, Max"]
[Black "Clarke, James"]
[Result "0-1"]
[WhiteElo "2298"]
[BlackElo "1833"]
[PlyCount "70"]
[EventDate "2021.09.10"]
[EventRounds "5"]
[EventCountry "ENG"]

1. d4 {16} Nf6 {5} 2. c4 {7} g6 {4} 3. Nc3 {10} d5 {3} 4. cxd5 {240} Nxd5 {5}
5. e4 {45} Nxc3 {5} 6. bxc3 {5} Bg7 {4} 7. Bc4 {16} c5 {4} 8. Ne2 {12} Nc6 {3}
9. Be3 {38} O-O {6} 10. O-O {6} Bg4 {4} 11. f3 {19} Na5 {4} 12. Bxf7+ {252}
Rxf7 {6} 13. fxg4 {5} Rxf1+ {7} 14. Kxf1 {152} Qd6 {12} 15. Kg1 {136} Qe6 {8}
16. Ng3 {567} Qc4 {231} 17. Qd2 {1761} Rd8 {898} 18. Rd1 {14} Qa4 {61} 19. Bf2
{927} Nc6 {777} 20. Ne2 {402} Bh6 {122} 21. Qe1 {77} Ne5 {608} 22. h3 {494} c4
{871} 23. Rb1 {150} Nd3 {26} 24. Qd1 {16} Qxa2 {720} 25. Bh4 {16} Be3+ {151}
26. Kh2 {34} g5 {218} 27. Bg3 {4} Qa6 {157} 28. Ng1 {103} Bf4 {438} 29. Nf3 {
101} Qf6 {129} 30. Bxf4 {117} Qxf4+ {10} 31. Kg1 {5} Qe3+ {48} 32. Kh2 {6} Qxe4
{34} 33. Qd2 {80} h6 {199} 34. Rb5 {129} Qc6 {146} 35. Ra5 {225} Qc7+ {13}  0-1

[Event "26th 4NCL Congress"]
[Site "Woodland Grange, Leamington Spa"]
[Date "2021.09.11"]
[Round "2"]
[Board "11"]
[White "Alizada, Eldar A"]
[Black "Ledger, Andrew J"]
[Result "1/2-1/2"]
[WhiteElo "2028"]
[BlackElo "2373"]
[PlyCount "138"]
[EventDate "2021.09.10"]
[EventRounds "5"]
[EventCountry "ENG"]

1. d4 Nf6 2. c4 e6 3. Nf3 Bb4+ 4. Nbd2 O-O 5. e3 d6 6. Bd3 e5 7. O-O Bxd2 8.
Nxd2 exd4 9. exd4 d5 10. Nf3 Nc6 11. h3 dxc4 12. Bxc4 Bf5 13. Bf4 Be4 14. Be5
Na5 15. Bd3 Bxd3 16. Bxf6 Qxf6 17. Qxd3 Rfd8 18. Qb5 Qb6 19. Qxb6 axb6 20. Rac1
Nc6 21. a3 Rac8 22. Rfd1 Ne7 23. Rd2 f6 24. Rdc2 c6 25. Kf1 Rd7 26. Rd2 Rcd8
27. Rcd1 Kf7 28. g3 g5 29. Ke2 Rd5 30. Rd3 R8d7 31. Kd2 h5 32. Kc3 Nf5 33. a4
Kg6 34. Ne1 Nd6 35. f3 b5 36. b3 bxa4 37. bxa4 Nf5 38. g4 Ne7 39. Ng2 Ra5 40.
Kb4 Ra8 41. Ne3 Rad8 42. Kc5 Nd5 43. Nxd5 Rxd5+ 44. Kc4 R8d7 45. R1d2 h4 46.
Rd1 Kf7 47. R1d2 Ke7 48. Re3+ Kf7 49. Red3 Re7 50. Rd1 Ke8 51. R1d2 Kd7 52. Rd1
Kc7 53. R1d2 b6 54. Rd1 Kb7 55. R1d2 Ka6 56. Rd1 Ka5 57. R1d2 Red7 58. Rd1 c5
59. dxc5 Rxc5+ 60. Kb3 Rxd3+ 61. Rxd3 Re5 62. Ka3 Re1 63. Rd5+ Ka6 64. Rf5 Rh1
65. Rxf6 Rxh3 66. Rf5 Rg3 67. Rxg5 Rxf3+ 68. Kb4 h3 69. Rh5 Rf4+  1/2-1/2

[Event "26th 4NCL Congress"]
[Site "Woodland Grange, Leamington Spa"]
[Date "2021.09.11"]
[Round "2"]
[Board "12"]
[White "Elwin, Adrian G"]
[Black "Bin-Suhayl, Ieysaa"]
[Result "1-0"]
[WhiteElo "2043"]
[BlackElo "2269"]
[PlyCount "117"]
[EventDate "2021.09.10"]
[EventRounds "5"]
[EventCountry "ENG"]

1. d4 {4} Nf6 {16} 2. c4 {14} e6 {4} 3. Nf3 {26} b6 {9} 4. Nc3 {44} Bb4 {12} 5.
Bg5 {38} Bb7 {31} 6. e3 {92} h6 {107} 7. Bxf6 {373} Qxf6 {6} 8. Bd3 {59} c5 {
275} 9. O-O {740} Bxc3 {4} 10. bxc3 {12} Nc6 {4} 11. Rc1 {574} Qe7 {933} 12.
Qe2 {1245} d6 {45} 13. Nd2 {337} O-O {140} 14. f4 {35} Rae8 {60} 15. Rce1 {169}
f5 {382} 16. Rf3 {293} e5 {714} 17. Rg3 {1296} exf4 {73} 18. exf4 {52} Qxe2 {6}
19. Rxe2 {28} Rxe2 {29} 20. Bxe2 {9} cxd4 {2} 21. Bf3 {71} dxc3 {66} 22. Bd5+ {
3} Kh8 {61} 23. Rxc3 {4} Nd4 {518} 24. Kf1 {365} Bxd5 {350} 25. cxd5 {6} Re8 {4
} 26. g3 {136} g5 {222} 27. Rc4 {34} Ne2 {58} 28. fxg5 {3} hxg5 {2} 29. Nf3 {22
} Re3 {479} 30. Nxg5 {39} Nc3 {9} 31. Nf7+ {59} Kh7 {27} 32. Nxd6 {29} Nxd5 {8}
33. Rd4 {41} Nc3 {35} 34. a4 {64} a6 {363} 35. Rf4 {82} Re2 {104} 36. h4 Ra2 {8
} 37. Nxf5 {14} Nxa4 {30} 38. g4 {17} Nc5 {19} 39. Ne3 {36} b5 {48} 40. h5 {15}
a5 {159} 41. Rf7+ {13} Kg8 {11} 42. Rf5 {9} Ra1+ {20} 43. Ke2 {16} Rc1 {51} 44.
Nd5 {77} Ne6 {164} 45. Rf6 {27} Nd4+ {66} 46. Ke3 {17} Rc4 {49} 47. g5 {33}
Nc2+ {22} 48. Kf2 {24} Rc5 {158} 49. Ne7+ {9} Kh8 {26} 50. Nf5 {46} Rc8 {198}
51. Rh6+ {21} Kg8 {2} 52. Ne7+ {13} Kg7 53. Nxc8 {10} a4 {3} 54. Rb6 {28} a3 {
68} 55. h6+ {48} Kh7 {20} 56. Rb7+ {45} Kh8 57. Ne7 {42} Kh7 {4} 58. Nd5+ {43}
Kh8 {10} 59. g6 {7}  1-0

[Event "26th 4NCL Congress"]
[Site "Woodland Grange, Leamington Spa"]
[Date "2021.09.11"]
[Round "2"]
[Board "13"]
[White "Carroll, Thomas"]
[Black "Bansal, Saahil"]
[Result "1-0"]
[WhiteElo "2223"]
[BlackElo "2019"]
[PlyCount "57"]
[EventDate "2021.09.10"]
[EventRounds "5"]
[EventCountry "ENG"]

1. e4 {3229} e6 {9} 2. d4 {4} d5 {5} 3. Nd2 {4} dxe4 {11} 4. Nxe4 {6} Nd7 {5}
5. Nf3 {23} Ngf6 {11} 6. Nxf6+ {27} Nxf6 {8} 7. c3 {18} c5 {41} 8. Ne5 {27} a6
{767} 9. Be3 {489} cxd4 {290} 10. Bxd4 {266} b5 {406} 11. a4 {457} b4 {1228}
12. Nc6 {413} Qd5 {7} 13. Bxf6 {318} Qe4+ {230} 14. Be2 {267} Bb7 {51} 15. O-O
{618} Qxc6 {393} 16. Bf3 {32} Qc7 {18} 17. Be5 {225} Qxe5 {751} 18. Bxb7 {13}
Bd6 {5} 19. f4 {295} Qc5+ {23} 20. Kh1 {36} Ra7 {49} 21. cxb4 {199} Qxb4 {24}
22. Bc6+ {88} Ke7 {7} 23. Qf3 {615} Qxb2 {56} 24. Rae1 {281} Rc7 {438} 25. f5 {
166} Qf6 {56} 26. fxe6 {324} fxe6 {234} 27. Qg4 {166} Qh6 {23} 28. Rxe6+ {51}
Qxe6 {147} 29. Qxg7+ {83}  1-0